Problemy tworzenia i funkjonowania systemów informatycznych zarzadzania w zreformowanym przedsiebiorstwie Materialy z konferencji naukowej Instytutu Organizacji Przetwarzania Danych Akademii Ekon. im. K. Adamieckiego w Katowiciach. Wisla 1983
Salvato in:
| Natura: | Libro |
|---|---|
| Lingua: | polacco |
| Pubblicazione: |
Katowice
Akademia Ekon. im. Karola Adamieckiego
1985
|
| Edizione: | 1. wyd. |
| Serie: | Prace naukowe
|
| Tags: |
Nessun Tag, puoi essere il primo ad aggiungerne!!
|
MARC
| LEADER | 00000nam a2200000 4500 | ||
|---|---|---|---|
| 001 | c029352 | ||
| 005 | 20221220080103.7 | ||
| 041 | 0 | |a pol | |
| 044 | |a PL | ||
| 245 | 1 | 0 | |a Problemy tworzenia i funkjonowania systemów informatycznych zarzadzania w zreformowanym przedsiebiorstwie |b Materialy z konferencji naukowej Instytutu Organizacji Przetwarzania Danych Akademii Ekon. im. K. Adamieckiego w Katowiciach. Wisla 1983 |
| 250 | |a 1. wyd. | ||
| 264 | 1 | |a Katowice |b Akademia Ekon. im. Karola Adamieckiego |c 1985 | |
| 300 | |a 269 s. | ||
| 490 | 1 | |a Prace naukowe | |
| 830 | 0 | |a Prace naukowe | |